| 000 | 00000nam##2200000za#4500 |
| 001 | 9.640944 |
| 003 | CaOODSP |
| 005 | 20230201095211 |
| 007 | cr ||||||||||| |
| 008 | 150407|2007||||xxc|||||o f|0| 0 fre|d |
| 040 | |aCaOODSP|bfre |
| 043 | |an-cn--- |
| 086 | 1 |aPS64-101/2007F-PDF |
| 110 | 2 |aGendarmerie royale du Canada. |
| 245 | 10|aLes mesures prises par la GRC suite aux recommandations découlant du Rapport sur les événements concernant Maher Arar (la Commission O'Connor) / |h[ressource électronique]|c[par] Enquêtes criminelles relatives à la sécurité nationale. |
| 260 | |aOttawa - Ontario : |bGendarmerie royale du Canada |c[2007]. |
| 300 | |a32p. |
| 590 | |a12-41-Supp|b2012-11-07 |
| 691 | 07|aSécurité nationale|2gcpds |
| 691 | 07|aTerrorisme|2gcpds |
| 775 | 08|tRCMP actions in response to recommendations stemming from the report of the events relating to Maher Arar (O'Connor Inquiry) / |w(CaOODSP)9.696859 |
| 856 | 40|ahttp://publications.gc.ca|qPDF|s782 Ko|uhttps://publications.gc.ca/collections/collection_2012/grc-rcmp/PS64-101-2007-fra.pdf |